<?xml version="1.0" encoding="UTF-8"?>
<record
    xmlns:xsi="http://www.w3.org/2001/XMLSchema-instance"
    xsi:schemaLocation="http://www.loc.gov/MARC21/slim http://www.loc.gov/standards/marcxml/schema/MARC21slim.xsd"
    xmlns="http://www.loc.gov/MARC21/slim">

  <leader>02279cam a2200553 i 4500</leader>
  <controlfield tag="001">xx002423733</controlfield>
  <controlfield tag="003">NUKAT</controlfield>
  <controlfield tag="005">20260421132142.0</controlfield>
  <controlfield tag="008">120323s2011    pl a     c   |000 0 pol c</controlfield>
  <datafield tag="020" ind1=" " ind2=" ">
    <subfield code="a">9788360016220</subfield>
  </datafield>
  <datafield tag="035" ind1=" " ind2=" ">
    <subfield code="a">(OCoLC)804670797</subfield>
  </datafield>
  <datafield tag="035" ind1=" " ind2=" ">
    <subfield code="a">(NUKAT)xx002423733</subfield>
  </datafield>
  <datafield tag="040" ind1=" " ind2=" ">
    <subfield code="a">SZCZ M/HS</subfield>
    <subfield code="c">SZCZ M/HS</subfield>
    <subfield code="d">POZN U/EMs</subfield>
  </datafield>
  <datafield tag="041" ind1="1" ind2=" ">
    <subfield code="a">pol</subfield>
    <subfield code="a">eng</subfield>
    <subfield code="h">pol</subfield>
  </datafield>
  <datafield tag="100" ind1="1" ind2=" ">
    <subfield code="a">Rai&#x144;ska, Kinga.</subfield>
    <subfield code="9">40369</subfield>
  </datafield>
  <datafield tag="245" ind1="1" ind2="0">
    <subfield code="a">Polacy z Kres&#xF3;w Wschodnich na Warmii i Mazurach :</subfield>
    <subfield code="b">wprowadzenie do wystawy = Poles from the Eastern Borderlands in Warmia and Mazury : introduction to the exhibition /</subfield>
    <subfield code="c">Kinga Rai&#x144;ska ; [t&#x142;. na j&#x119;z. ang. Jerzy Gozdek].</subfield>
  </datafield>
  <datafield tag="246" ind1="3" ind2="1">
    <subfield code="a">Poles from the Eastern Borderlands in Warmia and Mazury</subfield>
  </datafield>
  <datafield tag="260" ind1=" " ind2=" ">
    <subfield code="a">Olsztyn :</subfield>
    <subfield code="b">Muzeum Warmii i Mazur,</subfield>
    <subfield code="c">2011.</subfield>
  </datafield>
  <datafield tag="300" ind1=" " ind2=" ">
    <subfield code="a">105, [1] s. :</subfield>
    <subfield code="b">il. ;</subfield>
    <subfield code="c">21 cm.</subfield>
  </datafield>
  <datafield tag="336" ind1=" " ind2=" ">
    <subfield code="a">Tekst</subfield>
    <subfield code="b">txt</subfield>
    <subfield code="2">rdacontent</subfield>
  </datafield>
  <datafield tag="337" ind1=" " ind2=" ">
    <subfield code="a">Bez urz&#x105;dzenia po&#x15B;rednicz&#x105;cego</subfield>
    <subfield code="b">n</subfield>
    <subfield code="2">rdamedia</subfield>
  </datafield>
  <datafield tag="338" ind1=" " ind2=" ">
    <subfield code="a">Wolumin</subfield>
    <subfield code="b">nc</subfield>
    <subfield code="2">rdacarrier</subfield>
  </datafield>
  <datafield tag="380" ind1=" " ind2=" ">
    <subfield code="a">Ksi&#x105;&#x17C;ki</subfield>
  </datafield>
  <datafield tag="500" ind1=" " ind2=" ">
    <subfield code="a">Wystawa listopad 2011 r. - wrzesie&#x144; 2012 r.</subfield>
  </datafield>
  <datafield tag="504" ind1=" " ind2=" ">
    <subfield code="a">Bibliogr. s. 105.</subfield>
  </datafield>
  <datafield tag="546" ind1=" " ind2=" ">
    <subfield code="a">Tekst pol. i r&#xF3;wnol. przek&#x142;. ang.</subfield>
  </datafield>
  <datafield tag="610" ind1="2" ind2="7">
    <subfield code="a">Muzeum Warmii i Mazur (Olsztyn)</subfield>
    <subfield code="2">DBN</subfield>
    <subfield code="9">37744</subfield>
  </datafield>
  <datafield tag="648" ind1=" " ind2="7">
    <subfield code="a">1901-2000</subfield>
    <subfield code="2">DBN</subfield>
    <subfield code="9">34996</subfield>
  </datafield>
  <datafield tag="648" ind1=" " ind2="7">
    <subfield code="a">1945-1989</subfield>
    <subfield code="2">DBN</subfield>
    <subfield code="9">36043</subfield>
  </datafield>
  <datafield tag="648" ind1=" " ind2="7">
    <subfield code="a">2001-</subfield>
    <subfield code="2">DBN</subfield>
    <subfield code="9">36393</subfield>
  </datafield>
  <datafield tag="650" ind1=" " ind2="7">
    <subfield code="a">Fotografia polska</subfield>
    <subfield code="2">DBN</subfield>
    <subfield code="9">35386</subfield>
  </datafield>
  <datafield tag="650" ind1=" " ind2="7">
    <subfield code="a">Ludno&#x15B;&#x107;</subfield>
    <subfield code="2">DBN</subfield>
    <subfield code="9">35805</subfield>
  </datafield>
  <datafield tag="650" ind1=" " ind2="7">
    <subfield code="a">Targi i wystawy</subfield>
    <subfield code="2">DBN</subfield>
    <subfield code="9">36823</subfield>
  </datafield>
  <datafield tag="650" ind1=" " ind2="7">
    <subfield code="a">Polacy</subfield>
    <subfield code="z">Kresy Wschodnie</subfield>
    <subfield code="x">przesiedlenie</subfield>
    <subfield code="y">1945-1970</subfield>
    <subfield code="v">katalogi wystaw.</subfield>
    <subfield code="2">kaba</subfield>
    <subfield code="9">40372</subfield>
  </datafield>
  <datafield tag="650" ind1=" " ind2="7">
    <subfield code="a">Repatriacja</subfield>
    <subfield code="z">Polska</subfield>
    <subfield code="z">Mazury (region)</subfield>
    <subfield code="y">1945-1970</subfield>
    <subfield code="v">katalogi wystaw.</subfield>
    <subfield code="2">kaba</subfield>
    <subfield code="9">40373</subfield>
  </datafield>
  <datafield tag="650" ind1=" " ind2="7">
    <subfield code="a">Repatriacja</subfield>
    <subfield code="z">Polska</subfield>
    <subfield code="z">Warmia (region)</subfield>
    <subfield code="y">1945-1970</subfield>
    <subfield code="v">katalogi wystaw.</subfield>
    <subfield code="2">kaba</subfield>
    <subfield code="9">40374</subfield>
  </datafield>
  <datafield tag="651" ind1=" " ind2="7">
    <subfield code="a">Kresy wschodnie Rzeczypospolitej</subfield>
    <subfield code="2">DBN</subfield>
    <subfield code="9">36023</subfield>
  </datafield>
  <datafield tag="651" ind1=" " ind2="7">
    <subfield code="a">Olsztyn (woj. warmi&#x144;sko-mazurskie)</subfield>
    <subfield code="2">DBN</subfield>
    <subfield code="9">35996</subfield>
  </datafield>
  <datafield tag="655" ind1=" " ind2="7">
    <subfield code="a">Katalog wystawy</subfield>
    <subfield code="2">DBN</subfield>
    <subfield code="9">35707</subfield>
  </datafield>
  <datafield tag="658" ind1=" " ind2=" ">
    <subfield code="a">Bibliotekarstwo, archiwistyka, muzealnictwo</subfield>
  </datafield>
  <datafield tag="658" ind1=" " ind2=" ">
    <subfield code="a">Historia</subfield>
  </datafield>
  <datafield tag="658" ind1=" " ind2=" ">
    <subfield code="a">Kultura i sztuka</subfield>
  </datafield>
  <datafield tag="658" ind1=" " ind2=" ">
    <subfield code="a">Socjologia i spo&#x142;ecze&#x144;stwo</subfield>
  </datafield>
  <datafield tag="700" ind1="1" ind2=" ">
    <subfield code="a">Gozdek, Jerzy.</subfield>
    <subfield code="e">T&#x142;.</subfield>
    <subfield code="9">40370</subfield>
  </datafield>
  <datafield tag="710" ind1="2" ind2=" ">
    <subfield code="a">Muzeum Warmii i Mazur (Olsztyn).</subfield>
    <subfield code="9">11735</subfield>
  </datafield>
  <datafield tag="730" ind1="0" ind2=" ">
    <subfield code="a">Katalog wystawy (Muzeum Warmii i Mazur ; Olsztyn ; 2011)</subfield>
    <subfield code="9">40371</subfield>
  </datafield>
  <datafield tag="920" ind1=" " ind2=" ">
    <subfield code="a">978-83-60016-22-0</subfield>
  </datafield>
  <datafield tag="942" ind1=" " ind2=" ">
    <subfield code="2">ddc</subfield>
    <subfield code="c">BK_NM</subfield>
  </datafield>
  <datafield tag="999" ind1=" " ind2=" ">
    <subfield code="c">6584</subfield>
    <subfield code="d">6584</subfield>
  </datafield>
  <datafield tag="952" ind1=" " ind2=" ">
    <subfield code="0">0</subfield>
    <subfield code="1">0</subfield>
    <subfield code="2">ddc</subfield>
    <subfield code="4">0</subfield>
    <subfield code="7">0</subfield>
    <subfield code="8">K_mag</subfield>
    <subfield code="a">BIP</subfield>
    <subfield code="b">BIP</subfield>
    <subfield code="e">W-29/2012</subfield>
    <subfield code="f">W</subfield>
    <subfield code="g">20.00</subfield>
    <subfield code="h"> </subfield>
    <subfield code="i">58054</subfield>
    <subfield code="l">0</subfield>
    <subfield code="o">58054</subfield>
    <subfield code="r">2019-12-05 00:00:00</subfield>
    <subfield code="w">2019-12-05</subfield>
    <subfield code="y">BK_NM</subfield>
    <subfield code="z"> </subfield>
  </datafield>
</record>
